<?xml version="1.0" encoding="UTF-8"?>
<marc:record xmlns:marc="http://www.loc.gov/MARC21/slim">
   <marc:leader>00000nam a2200000 a 4500</marc:leader>
   <marc:datafield ind1="1" ind2=" " tag="100">
      <marc:subfield code="a">Burckhart, Holger</marc:subfield>
      <marc:subfield code="4">aut</marc:subfield>
      <marc:subfield code="e">Verfasser/-in</marc:subfield>
   </marc:datafield>
   <marc:datafield ind1=" " ind2=" " tag="653">
      <marc:subfield code="a">Philosophie</marc:subfield>
   </marc:datafield>
   <marc:datafield ind1="0" ind2="0" tag="245">
      <marc:subfield code="a">Praktische Philosophie - Philosophische Praxis</marc:subfield>
   </marc:datafield>
   <marc:datafield ind1=" " ind2="1" tag="264">
      <marc:subfield code="b">Wiss. Buchges.</marc:subfield>
      <marc:subfield code="c">2005</marc:subfield>
   </marc:datafield>
   <marc:datafield ind1="1" ind2=" " tag="520">
      <marc:subfield code="a">Die Sammlung dokumentiert Beiträge namhafter Wissenschaftler zu praktischen Problemen beispielsweise zur Wirtschaft, Ethik und Ökologie. Zu allen Themanbereichen machen Philosophen Vorschläge, die oft nicht wahrgenommen werden, da es an Vermittlungen zwischen theoretischer Arbeit und praktischer Anwendung fehlt. Die hier vertretenen Philosophen reflektieren daher einerseits das prekäre Verhältnis von Theorie und Praxis (z.B. bei handlungstheoretischen Fragen) sowie die praktischen Anwendungsmöglichkeiten philosophischer Argumente, stellen aber andererseits Philosophen in ihrer eigenen Praxis dar, auch der beruflichen. so verbinden sich theoretische und praktische Problemfelder. Es zeigt sich, dass die Philosophie keineswegs nur im Elfenbeinturm lebt, sondern heutzutage in vielfältiger Weise mit den Konflikten verbunden ist, die auch Normalbürger umtreiben.</marc:subfield>
   </marc:datafield>
   <marc:datafield ind1=" " ind2=" " tag="020">
      <marc:subfield code="a">9783534184286</marc:subfield>
      <marc:subfield code="9">9783534184286</marc:subfield>
   </marc:datafield>
</marc:record>
